=LDR 00000nam 2200000 4500 =001 INLIS000000000022311 =005 20130612121100 =008 ***********************************Ind** =035 ##$$a0010-061300000022311 =041 ##$$a Ind =082 ##$$a 392 =090 ##$$a 392, Ind a =245 ##$$a Adat istiadat daerah Bali =260 ##$$a 1977 $b Jakarta =300 ##$$a 184, 21 cm =650 ##$$a Kebudayaan =850 ##$$a NBPNMAT =990 ##$$a 21400566/BPAP-NTB/2014